People on the Most Presidential Tickets - Statistics

General Stats
  • This quiz has been taken 94 times
    30 since last reset
  • The average score is 13 of 16
Answer Stats
Number of Appearances Years Appearing Candidate % Correct
3 2016, 2020, 2024 Donald Trump
96%
5 1920, 1932, 1936, 1940, 1944 Franklin D. Roosevelt
96%
3 1900, 1904, 1912 Theodore Roosevelt
92%
3 1884, 1888, 1892 Grover Cleveland
88%
3 2008, 2012, 2020 Joe Biden
88%
3 1824, 1828, 1832 Andrew Jackson
85%
4 1980, 1984, 1988, 1992 George H.W. Bush
85%
4 1789, 1792, 1796, 1800 John Adams
85%
5 1952, 1956, 1960, 1968, 1972 Richard Nixon
85%
3 1992, 1996, 2000 Al Gore
81%
3 1796, 1800, 1804 Thomas Jefferson
81%
3 1824, 1832, 1844 Henry Clay
69%
4 1832, 1836, 1840, 1848 Martin Van Buren
69%
3 1976, 1980, 1984 Walter Mondale
69%
3 1896, 1900, 1908 William Jennings Bryan
69%
3 1800, 1804, 1808 Charles Pinckney
54%
No matching quizzes found
Score Distribution
Percent of People with Each Score
Percentile by Number Answered
Your Score History
You have not taken this quiz since the last reset